| 000 | 00627nam a22001937a 4500 | ||
|---|---|---|---|
| 008 | 160212b xxu||||| |||| 00| 0 eng d | ||
| 020 | _a13:978-0-538-73743-2 | ||
| 020 | _a10:0-538-73743-3 | ||
| 082 |
_22011 _aDC 512.9 _bG97i |
||
| 100 |
_92819 _aGustafson, R. David. |
||
| 245 |
_aIntermediate algebra/ _cR. David Gustafson, Rosemary M. Karr, and Marilyn B. Massey. |
||
| 250 | _a9th edition. | ||
| 260 |
_aAustralia: _bBrooks/Cole Cengage Learning, _cc2011. |
||
| 300 |
_axxvi, 802 pages; _c25 cm. |
||
| 650 | 0 |
_92822 _aAlgebra |
|
| 700 |
_92820 _aKarr, Rosemary M. |
||
| 700 |
_92821 _aMassey, Marilyn B. |
||
| 942 |
_2ddc _cDC |
||
| 999 |
_c1048 _d1048 |
||